BSOP header

The theology of salvation of I Kuan Tao {ch} / (Record no. 22244)

MARC details
000 -LEADER
fixed length control field 00623nam a2200193 4500
008 - FIXED-LENGTH DATA ELEMENTS--GENERAL INFORMATION
fixed length control field 041002s1985 ch chi
020 ## - INTERNATIONAL STANDARD BOOK NUMBER
International Standard Book Number 9575562720 :NT64.00
090 ## - LOCALLY ASSIGNED LC-TYPE CALL NUMBER (OCLC); LOCAL CALL NUMBER (OCLC)
Classification number (OCLC) (R) ; Classification number, CALL (RLIN) (NR) BL1975
Local cutter number (OCLC) ; Book number/undivided call number, CALL (RLIN) W18t
100 1# - MAIN ENTRY--PERSONAL NAME
Personal name Wang, Guang-Zhi
245 10 - TITLE STATEMENT
Title The theology of salvation of I Kuan Tao {ch} /
Statement of responsibility, etc Guang-Zhi Wang.
260 ## - PUBLICATION, DISTRIBUTION, ETC. (IMPRINT)
Place of publication, distribution, etc Taipei :
Name of publisher, distributor, etc Olive Christian Foundation,
Date of publication, distribution, etc 1985 .
300 ## - PHYSICAL DESCRIPTION
Extent 62 p.
490 1# - SERIES STATEMENT
Series statement Catechism Series;
Volume number/sequential designation 9
650 #4 - SUBJECT ADDED ENTRY--TOPICAL TERM
Topical term or geographic name as entry element Cults
Geographic subdivision Taiwan {ch}.
651 #4 - SUBJECT ADDED ENTRY--GEOGRAPHIC NAME
Geographic name Apologetics {ch}.
651 #4 - SUBJECT ADDED ENTRY--GEOGRAPHIC NAME
Geographic name Taiwan
General subdivision REligion {ch}.
951 ## - EQUIVALENCE OR CROSS-REFERENCE-GEOGRAPHIC NAME/AREA NAME [OBSOLETE] [CAN/MARC only]
General subdivision 00030593
700 1# - ADDED ENTRY--PERSONAL NAME
Personal name I Kuan Tao
951 ## - EQUIVALENCE OR CROSS-REFERENCE-GEOGRAPHIC NAME/AREA NAME [OBSOLETE] [CAN/MARC only]
-- C-5558
-- BL1975/W18t
-- 070613111434937
-- 2000-12-21
-- CH
Holdings
Withdrawn status Lost status Damaged status Not for loan Home library Current library Shelving location Date acquired Accession number Shelving control number Total Checkouts Full call number Barcode Date last seen Price effective from Koha item type
        BSOP Library BSOP Library Chinese Books (General Circulation) 12/21/2000 C-5558 127   BL1975/W18t 00030593 02/23/2013 02/23/2013 Books
BSOP

Biblical Seminary of the Philippines
  All rights Reserved
  © 2024

CONTACT INFORMATION

Biblical Seminary of the Philippines,
  77-B Karuhatan Road, Valenzuela City,
  PHILIPPINES 1441
  Phone: +632 8292-6795 / 8292-6798
  Fax : +632 8292-6675
  Email: library@bsop.edu.ph